Performance evaluation of tractor operated spading machine (Record no. 15489)
[ view plain ]
| 000 -LEADER | |
|---|---|
| fixed length control field | 00516nam a22001577a 4500 |
| 003 - CONTROL NUMBER IDENTIFIER | |
| control field | OSt |
| 008 - FIXED-LENGTH DATA ELEMENTS--GENERAL INFORMATION | |
| fixed length control field | 180925b ||||| |||| 00| 0 eng d |
| 082 ## - DEWEY DECIMAL CLASSIFICATION NUMBER | |
| Classification number | 631.1 |
| Item number | GEE/PE |
| 100 ## - MAIN ENTRY--AUTHOR NAME | |
| Personal name | Geethu M |
| -- | Meera T |
| 245 ## - TITLE STATEMENT | |
| Title | Performance evaluation of tractor operated spading machine |
| 260 ## - PUBLICATION, DISTRIBUTION, ETC. (IMPRINT) | |
| Place of publication | Thavanur |
| Name of publisher | Department of farm power machinery and energy |
| Year of publication | 2018 |
| 300 ## - PHYSICAL DESCRIPTION | |
| Number of Pages | ix, 43 |
| Accompanying material | CD |
| 700 ## - ADDED ENTRY--PERSONAL NAME | |
| Personal name | Suma Nair (Guide) |
| 856 ## - ELECTRONIC LOCATION AND ACCESS | |
| Uniform Resource Identifier | <a href="https://drive.google.com/open?id=1HMm2a0lnIFTctmJHttTD3j8djaGm3U4D">https://drive.google.com/open?id=1HMm2a0lnIFTctmJHttTD3j8djaGm3U4D</a> |
| 942 ## - ADDED ENTRY ELEMENTS (KOHA) | |
| Koha item type | Project Report |
| Withdrawn status | Lost status | Damaged status | Home library | Current library | Date acquired | Full call number | Accession Number | Koha item type |
|---|---|---|---|---|---|---|---|---|
| KAUAET | KAUAET | 25/09/2018 | 631.1 GEE/PE | P 419 | Project Report |
